Normal view
MARC view
- García Ejarque, Luis
Entry Nombre Personal
001 - NUMERO DE CONTROL
- campo de control: 44836
003 - IDENTIFICADOR DE NUMERO DE CONTROL
- campo de control: DLC
005 - FECHA Y HORA DE LA ÜLTIMA TRANSACCIÓN
- campo de control: 20220613143730.0
008 - DATOS DE LONGITUD FIJA
- campo de control de longitud fija: 900307n| acannaabn |a aaa c
010 ## - NÚMERO DE CONTROL DE LA BIBLIOTECA DEL CONGRESO
- Número de control LC: n 88076594
035 ## - NUMERO DE CONTROL
- Número de control: (OCoLC)oca02698282
040 ## - FUENTE DE CATALOGACIÓN
- Agencia original de catalogación: NBuU
- Lenguaje de catalogación: eng
- Agencia de transcripción: DLC
- Agencia que lo modifica: DLC
- Agencia que lo modifica: OCoLC
- Agencia que lo modifica: MX-MxUPN
100 1# - ENCABEZAMIENTO - NOMBRE PERSONAL
- Nombre personal: García Ejarque, Luis
370 ## - LUGAR ASOCIADO
- Place of birth: Valencia, España
400 1# - VEÁSE - NOMBRE DE PERSONA
- Personal name: Ejarque, Luis García
670 ## - FUENTE EN LA QUE SE LOCALIZARON DATOS
- Cita de la fuente: En su obra Organización y funcionamiento de la biblioteca [MI] 1962:
- Información localizada: portada (Luis García Ejarque)
670 ## - FUENTE EN LA QUE SE LOCALIZARON DATOS
- Cita de la fuente: Diccionario del archivero bibliotecario, 2000 :
- Información localizada: solapa posterior (Luis García Ejarque nació en Valencia)
902 ## - CATALOGADOR
- Catalogador: VAGG/130622
